000 01520nam0a2200385 4500
001 RU\NLR\BIBL_A\011719866
005 20180621115709.0
010 _a978-5-89392-804-4
021 _aRU
_bКН-П-18-033986
_9КН-П-18-2470
035 _a(NLR Aleph) 011719866
035 _a(RuMoRGB)009625651
090 _a11477200
_c11477200
100 _a20180605d2018 u y0rusy50 ca
101 0 _arus
102 _aRU
105 _aab z 000zy
200 1 _aПарадокс устойчивого развития
_fА. А. Дульзон
210 _aМосква
_cТриумф
_d2018
215 _a264 с.
_cил., табл., цв. карт.
_d29
320 _aБиблиогр.: с. 247-264 (213 назв.) и в конце гл.
606 1 _aЭкология
_xВлияние антропических факторов
_91215119
_3RU\NLR\AUTH\66175376
606 1 _aГлобальный климат
_xИзменения
_92092938
_3RU\NLR\AUTH\661266622
606 1 _aПриродные ресурсы
_xИспользование
_xЭколого-географические исследования
_92127116
_3RU\NLR\AUTH\661283795
686 _aЕ081,0
_2rubbk
686 _aД247.6,0
_2rubbk
686 1 _aЕ081.4
686 1 _aД247.6
686 1 _aУ04(0)1
686 1 _aУ28(0)
700 1 _aДульзон
_bА. А.
_gАльфред Андреевич
942 _cBOOK
980 _aNBR
980 _aNB